Estatísticas para Maiores Cidades Mundiais Dentro de 1.000 quilômetros

Clique aqui para jogar o quiz

Estatísticas Gerais

  • Esse quiz foi jogado 1 443 vezes
  • A pontuação média é 32 de 78

Respostas no mapa

Respostas codificadas por cores de uma escala verde-vermelha no mapa do quiz de acordo com a % correta abaixo.
 

Estatísticas das Respostas

PaísD (km)Cidade% Correto
Brasil7423São Paulo
94%
Estados Federados da Micronésia1016We{no}
90%
Espanha1054Madrid
88%
Argentina1674Buenos Aires
87%
Reino Unido2500Londres
87%
Rússia2899Moscovo
87%
Brasil1294Manaus
83%
México11319Cidade do México
82%
Chile1139Santiago
81%
Japão2903Tóquio
80%
Peru3130Lima
79%
Estados Unidos3360Nova Iorque
79%
Estados Unidos2479Los Angeles
77%
Colômbia1869Bogotá
76%
Brasil1630Recife
75%
Egito4363Cairo
73%
Bolívia1078La Paz
73%
Estados Unidos1484Miami
73%
Brasil1129Belém
70%
Turquia1243Istambul
66%
Estados Unidos1158Chicago
60%
África do Sul1261Cidade do Cabo
60%
Austrália5380Sydney
59%
China1201Xangai
58%
África do Sul4483Joanesburgo
55%
Indonésia3319Jakarta
54%
Estados Unidos1282Dallas
53%
Estados Unidos1092Seattle
50%
Arábia Saudita1301Riade
49%
Índia1157Bombaim
48%
Irão1913Teerã
48%
Islândia1325Reykjavík
47%
Bangladesh1425Daca
46%
Nigéria6366Lagos
44%
Filipinas1242Manila
43%
Índia3654Delhi
41%
Guatemala1059Cidade da Guatemala
40%
Malásia1177Kuala Lumpur
40%
República Dominicana1337Santo Domingo
39%
Nova Zelândia2161Auckland
37%
Senegal1800Dakar
37%
Madagáscar1610Antananarivo
35%
Tailândia1533Banguecoque
32%
Sudão1606Cartum
31%
Estados Unidos3852Honolulu
31%
República Democrática do Congo1781Kinshasa
31%
Austrália2729Perth
31%
China---Cantão
30%
Dinamarca1437Nu{uk}
27%
Somália1021Mogadíscio
25%
Namíbia1141Windhoek
25%
Papua Nova Guiné2083Port Moresby
24%
Estados Unidos2134Anchorage
22%
Tanzânia2453Dar es Salaam
22%
Seychelles1085Vi{ctoria}
22%
Zâmbia1190Lusaka
21%
Fiji1332Suva
19%
Samoa1151Ap{ia}
18%
Ilhas Salomão1402Honiara
14%
Kiribati1871Ta{rawa}
13%
Rússia1018Ecaterimburgo
11%
Austrália1284Al{ice Springs}
10%
China1240Chengdu
10%
China1786Ürümqi
10%
Rússia1291Novosibirsk
9%
França2409Fa{a'a}
7%
Rússia1353Yakutsk
7%
França1457Nouméa
6%
Rússia1512Petropavlovsk-Kamtchatski
6%
Austrália1087Townsville
6%
Rússia1492An{adyr}
5%
Chile3535Ha{nga Roa}
5%
Indonésia1046Jayapura
5%
Rússia1082Norilsk
5%
Austrália1021Po{rt Hedland}
5%
Nova Zelândia1139Av{arua}
4%
Equador1054Pu{erto Ayora}
4%
Estados Unidos2039Sa{ipan}
4%

Distribuição das Pontuações

Percentil de Números Respondidos

Porcentagem de Pessoas com Cada Pontuação

Sua Pontuação Histórica

Você não jogou esse quiz